Dược thảo vùng Sóc Trăng

Gespeichert in:
Bibliographische Detailangaben
1. Verfasser: Trang, Ngọc Nói
Format: Buch
Sprache:Undetermined
Veröffentlicht: Cần Thơ Viện Đại Học Cần Thơ - Đại Học Khoa Học 1973
Schlagworte:
Tags: Tag hinzufügen
Keine Tags, Fügen Sie den ersten Tag hinzu!
Thư viện lưu trữ: Trung tâm Học liệu Trường Đại học Cần Thơ
LEADER 00559nam a2200181Ia 4500
001 CTU_33684
008 210402s9999 xx 000 0 und d
082 |a 581.634 
082 |b N428 
100 |a Trang, Ngọc Nói 
245 0 |a Dược thảo vùng Sóc Trăng 
245 0 |c Trang Ngọc Nói 
260 |a Cần Thơ 
260 |b Viện Đại Học Cần Thơ - Đại Học Khoa Học 
260 |c 1973 
650 |a Botany, medical,Folk medicine 
904 |i Minh, 991105 
980 |a Trung tâm Học liệu Trường Đại học Cần Thơ